Directors by Last Name - Statistics

General Stats
  • This quiz has been taken 389 times
  • The average score is 24 of 32
Answer Stats
First Last % Correct
Clint Eastwood
100%
Alfred Hitchcock
99%
Steven Spielberg
99%
Quentin Tarantino
98%
Stanley Kubrick
96%
Martin Scorsese
95%
Francis or Sofia Coppola
92%
James Cameron
92%
Christopher Nolan
91%
Roman Polanski
89%
Mel Gibson
85%
David Fincher
80%
Robert Zemeckis
80%
Peter Jackson
77%
Woody Allen
76%
Ethan or Joel Coen
75%
Oliver Stone
72%
Jordan Peele
71%
Sam Mendes
70%
Greta Gerwig
68%
Guillermo del Toro
66%
Kathryn Bigelow
65%
Ingmar Bergman
64%
Akira Kurosawa
62%
Ang Lee
60%
John Ford
60%
Damien Chazelle
56%
Billy Wilder
55%
Alfonso Cuarón
53%
Joon-ho Bong
40%
Hayao Miyazaki
39%
Alejandro G. Iñárritu
38%
No matching quizzes found
Score Distribution
Percent of People with Each Score
Percentile by Number Answered
Your Score History
You have not taken this quiz